Zeolite molecular sieves: Structure chemistry and use (Record no. 28258)
[ view plain ]
| 000 -LEADER | |
|---|---|
| fixed length control field | 00293nam a2200109Ia 4500 |
| 082 ## - DEWEY DECIMAL CLASSIFICATION NUMBER | |
| Classification number | 549.67 |
| Item number | BRE |
| 100 ## - MAIN ENTRY--AUTHOR NAME | |
| Personal name | Donald W |
| 245 #0 - TITLE STATEMENT | |
| Title | Zeolite molecular sieves: Structure chemistry and use |
| 260 ## - PUBLICATION, DISTRIBUTION, ETC. (IMPRINT) | |
| Place of publication | New York |
| Name of publisher | John Wiley |
| Year of publication | 1974 |
| 942 ## - ADDED ENTRY ELEMENTS (KOHA) | |
| Koha item type | Books |
| Withdrawn status | Lost status | Damaged status | Not for loan | Home library | Current library | Date acquired | Cost, normal purchase price | Full call number | Accession Number | Koha item type |
|---|---|---|---|---|---|---|---|---|---|---|
| RRII Library | RRII Library | 16/12/2021 | 43.00 | 549.67 BRE | 08864 | Books |